000 00716nam a22001937a 4500
003 OSt
005 20140715213005.0
008 131114b1997 slv spa
040 _cBMC
082 _a972.8424
082 _a972.84
110 2 _99357
_aInstituto Geográfico Nacional Ingeniero Pablo Arnoldo Guzmán (El Salvador)
245 1 0 _aMonografías del Departamento y Municipio de Cuscatlán
_cInstituto Geográfico Nacional "Ing. Pablo Arnoldo Guzmán"
260 _aSan Salvador
_bEl Instituto : Centro Nacional de Registros
_c1997
300 _a117 p.
_bil. col. y n., mapas
_c27 cm
651 4 _99299
_aCuscatlán (El Salvador)
_xDescripción
651 4 _99298
_aEl Salvador
_xDescripción
942 _2ddc
_cBK
999 _c4143
_d4143